| 000 | 00476nam a2200157 4500 | ||
|---|---|---|---|
| 001 | 43826 | ||
| 090 | _a43826 | ||
| 100 | _a20241108 pory50 | ||
| 101 | _apor | ||
| 102 | _aPT | ||
| 200 |
_aNós portugueses _fFundação Francisco Manuel dos Santos , RTP _gco-aut. José Júdice , Alberta Marques Fernandes _greliz: Ricardo Espírito Santo |
||
| 210 |
_a[S.l.] _cTerra Líquida filmes _d[cop. 2011] |
||
| 215 | _a1 DVD | ||
| 675 | _a304(469) | ||
| 801 |
_aPT _gRPC |
||
| 990 | _cFILMES DVD | ||